An account of the past and present state of the Isle of Man (Record no. 113604)

MARC details
000 -LEADER
fixed length control field 00809cam a22001935a 4500
001 - CONTROL NUMBER
control field L155492
008 - FIXED-LENGTH DATA ELEMENTS--GENERAL INFORMATION
fixed length control field 120326s1811 xxk f 000 0 eng d
035 ## - SYSTEM CONTROL NUMBER
System control number (Sirsi) u155492
041 0# - LANGUAGE CODE
Language code of text/sound track or separate title eng
100 1# - MAIN ENTRY--PERSONAL NAME
Personal name Woods, George
245 03 - TITLE STATEMENT
Title An account of the past and present state of the Isle of Man
Remainder of title including topographical description; a sketch of its mineralogy; an outline of its laws, with the privileges enjoyed by strangers; and a history of the island
260 ## - PUBLICATION, DISTRIBUTION, ETC.
Place of publication, distribution, etc. London
Name of publisher, distributor, etc. Printed for Robert Baldwin, ... and William Blackwood, Edinburgh.
Date of publication, distribution, etc. 1811
300 ## - PHYSICAL DESCRIPTION
Extent vii, 365 p.
Other physical details map
Dimensions 23 cm.
520 ## - SUMMARY, ETC.
Summary, etc. Includes a map of the Isle of Man, showing the geology of the island.
583 ## - ACTION NOTE
Action Condition reviewed
Time/date of action 20120620
Status condition level 1
651 #4 - SUBJECT ADDED ENTRY--GEOGRAPHIC NAME
Geographic name Isle of Man
690 ## - LOCAL SUBJECT ADDED ENTRY--TOPICAL TERM (OCLC, RLIN)
Topical term or geographic name as entry element Rural
9 (RLIN) 6268
942 ## - ADDED ENTRY ELEMENTS (KOHA)
Suppress in OPAC 0
Holdings
Withdrawn status Lost status Damaged status Not for loan Home library Current library Shelving location Date acquired Total Checkouts Full call number Barcode Date last seen Copy number Price effective from Koha item type
        Historic collection Historic collection Historic collection 26/03/2012   REGIONAL OCTAVO 1811 WOODS 30075368 26/08/2025 1 06/08/2019 Book